[Event "35 Open Internacional Ciudad de San Sebastian"]
[Site "Donostia-San Sebastian"]
[Date "2012.04.01"]
[Round "2"]
[Board "13"]
[White "Hansen, Torbjorn Ringdal"]
[Black "Torres Ganuza, Fco  Javier"]
[Result "0-1"]
[WhiteElo "2469"]
[BlackElo "2105"]
[PlyCount "0"]
[EventDate "2012.03.31"]
[EventRounds "9"]
[EventCountry "ESP"]

1. Nf3 d5 2. c4 e6 3. g3 Nf6 4. Bg2 Be7 5. O-O O-O 6. d4 dxc4 7. Qc2 c5 8. dxc5
Qc7 9. Qxc4 Bxc5 10. b3 Na6 11. Bb2 Be7 12. Nbd2 Rd8 13. Rfd1 Qa5 14. Qh4 Bd7
15. Nc4 Qc7 16. Be5 Qc5 17. Ne1 Bc6 18. Nd3 Rxd3 19. Rxd3 Bxg2 20. Kxg2 b5 21.
Rc1 bxc4 22. Bxf6 Qc6+ 23. Kg1 Bxf6 24. Qxc4 Qb7 25. Qa4 Rc8 26. Rxc8+ Qxc8 27.
Rd6 Nc7 28. Qxa7 Nb5 29. Qd7 Nxd6 30. Qxd6 g6 31. a4 Qd8 32. Qa6 Qd1+ 33. Kg2
Qxb3 34. e3 Qd5+ 35. Kg1 Kg7 36. h4 Bc3 37. Qc8 Qd1+ 38. Kg2 Be1 39. Qb8 Qxa4
40. Qe5+ Kf8 41. Kf1 Bb4 42. Qb8+ Ke7 43. Qb7+ Kf6 44. h5 Qd1+ 0-1

[Event "35 Open Internacional Ciudad de San Sebastian"]
[Site "Donostia-San Sebastian"]
[Date "2012.04.01"]
[Round "2"]
[Board "14"]
[White "Lakunza Oyarbide, Juan Carlos"]
[Black "Gonzalez Perez , Arian"]
[Result "0-1"]
[WhiteElo "2111"]
[BlackElo "2468"]
[PlyCount "0"]
[EventDate "2012.03.31"]
[EventRounds "9"]
[EventCountry "ESP"]

1. d4 Nf6 2. c4 e6 3. Nf3 Bb4+ 4. Bd2 c5 5. Bxb4 cxb4 6. g3 b6 7. Bg2 Bb7 8.
O-O O-O 9. Qb3 a5 10. Rd1 d6 11. a3 Na6 12. axb4 Nxb4 13. Na3 Rc8 14. Rac1 Ba6
15. Qe3 h6 16. Qf4 d5 17. b3 Qe7 18. Qd2 Rc7 19. Ne5 Rfc8 20. Qb2 Nd7 21. cxd5
Nxe5 22. Rxc7 Qxc7 23. dxe5 Nxd5 24. Nc4 Bxc4 25. bxc4 Qxc4 26. Bxd5 exd5 27.
Qxb6 Qxe2 28. Qd4 Rc2 29. Ra1 Qf3 30. Rf1 Qe4 31. Qa1 a4 32. Qb1 a3 33. Qb8+
Kh7 34. Qa7 a2 35. Qxf7 Qxe5 36. Qa7 Re2 37. Qa5 d4 38. Qa3 Qe4 39. Qb3 d3 40.
Qd1 d2 0-1

[Event "35 Open Internacional Ciudad de San Sebastian"]
[Site "Donostia-San Sebastian"]
[Date "2012.04.01"]
[Round "2"]
[Board "15"]
[White "Urkedal, Frode"]
[Black "Lakunza Plazaola, Asier"]
[Result "1-0"]
[WhiteElo "2460"]
[BlackElo "2089"]
[PlyCount "0"]
[EventDate "2012.03.31"]
[EventRounds "9"]
[EventCountry "ESP"]

1. d4 g6 2. e4 Bg7 3. Nf3 d6 4. Be2 Nf6 5. Nc3 O-O 6. O-O c6 7. h3 Nbd7 8. a4
b6 9. Re1 e5 10. dxe5 dxe5 11. Qd6 Bb7 12. Be3 Qb8 13. Rad1 Re8 14. Qa3 Qc7 15.
Bc4 h6 16. Nh4 Nf8 17. Qd6 Qxd6 18. Rxd6 Red8 19. Red1 Rxd6 20. Rxd6 Ne8 21.
Rd1 Nc7 22. a5 b5 23. Ba2 Nce6 24. Rd6 Bf6 25. Nf3 Kg7 26. a6 Bxa6 27. Rxc6 Bb7
28. Rd6 Rc8 29. Bd5 Bxd5 30. Nxd5 Rxc2 31. Nxf6 Kxf6 32. Bxh6 Nh7 33. b4 Rc4
34. Bd2 Rxe4 35. Bc3 Kf5 36. g4+ Kf4 37. Kg2 Rc4 38. Bd2+ Ke4 39. Kg3 Nf4 40.
Ne1 Nd5 41. f3+ Kd4 42. Ng2 Rc2 43. Rxd5+ Kxd5 44. Ne3+ Kd4 45. Nxc2+ Kd3 46.
Na3 Kxd2 47. Nxb5 Kd3 48. Nxa7 Kc4 49. Nc6 f6 50. h4 g5 51. h5 Kb5 52. Ne7 Kxb4
53. Kf2 Kc5 54. Ke3 Kd6 55. Ng6 Kd5 56. Kd3 Kd6 57. Ke4 Ke6 58. h6 f5+ 59.
gxf5+ Kf6 60. Nxe5 Nf8 61. Ng4+ Kf7 62. Kd5 Nh7 63. Kd6 Nf8 64. Ne5+ Kf6 65.
Nd7+ Kxf5 66. Nxf8 1-0

[Event "35 Open Internacional Ciudad de San Sebastian"]
[Site "Donostia-San Sebastian"]
[Date "2012.04.01"]
[Round "2"]
[Board "16"]
[White "Alvarez Ponga, Hugo"]
[Black "Marzolo, Cyril"]
[Result "0-1"]
[WhiteElo "2099"]
[BlackElo "2441"]
[PlyCount "0"]
[EventDate "2012.03.31"]
[EventRounds "9"]
[EventCountry "ESP"]

1. d4 c5 2. Nf3 cxd4 3. Nxd4 Nf6 4. c4 a6 5. Nc3 e6 6. g3 Qc7 7. b3 d5 8. Bg2
dxc4 9. bxc4 Qxc4 10. Qa4+ Qxa4 11. Nxa4 Nbd7 12. Rb1 Rb8 13. Bd2 e5 14. Nb3 b5
15. Nb2 Bb7 16. Bxb7 Rxb7 17. Rc1 Rb8 18. Rc6 Ra8 19. Nd3 Be7 20. O-O O-O 21.
Rfc1 h6 22. f3 e4 23. Ndc5 Nxc5 24. Nxc5 Bxc5+ 25. R1xc5 exf3 26. exf3 Rfd8 27.
Rc2 Nd5 28. Ba5 Re8 29. Kf2 Ra7 30. Rd6 Ne3 31. Rcc6 Nc4 32. Rxa6 Rea8 33. Rd8+
Rxd8 34. Rxa7 Rd1 35. Bb4 Rb1 36. a3 Rb2+ 37. Kg1 Ne5 38. Rb7 Nxf3+ 39. Kf1
Nxh2+ 40. Kg1 Nf3+ 41. Kf1 Nd4 42. Bc5 Ne6 43. Bb4 Nd4 44. Bc5 Nb3 45. Bb4 Nd2+
46. Kg1 Nc4 47. Kf1 Rb3 48. Rxb5 Nxa3 49. Ra5 Nc4 50. Ra8+ Kh7 51. Be1 Rb2 52.
Ra7 Kg6 53. Re7 h5 54. Rc7 Ne3+ 55. Kg1 Rg2+ 56. Kh1 Re2 57. Bb4 Nf5 58. Rc6+
f6 59. Rc3 Re3 60. Rxe3 Nxe3 61. Bc5 Ng4 62. Kg2 Kf5 63. Kf3 Ne5+ 64. Kg2 Kg4
65. Bf8 g6 66. Bg7 Nd7 0-1

[Event "35 Open Internacional Ciudad de San Sebastian"]
[Site "Donostia-San Sebastian"]
[Date "2012.04.01"]
[Round "3"]
[Board "1"]
[White "Marzolo, Cyril"]
[Black "Spraggett, Kevin"]
[Result "1/2-1/2"]
[WhiteElo "2441"]
[BlackElo "2584"]
[PlyCount "0"]
[EventDate "2012.03.31"]
[EventRounds "9"]
[EventCountry "ESP"]

1. d4 Nf6 2. c4 c5 3. d5 d6 4. Nc3 g6 5. Nf3 Bg7 6. h3 O-O 7. Bf4 Re8 8. e3 Qb6
9. Qc1 e5 10. Bh2 Nbd7 11. Nd2 Rf8 12. Be2 Ne8 13. O-O f5 14. f4 exf4 15. exf4
Ndf6 16. Bd3 Bd7 17. Qc2 Nc7 18. Kh1 Rae8 19. Rae1 a6 20. g3 Qa7 21. Bg1 Qb8
22. Kh2 b5 23. b3 b4 24. Nd1 a5 25. Bf2 Rxe1 26. Rxe1 Re8 27. Rxe8+ Qxe8 28.
Ne3 Qe7 29. Qd1 1/2-1/2

[Event "35 Open Internacional Ciudad de San Sebastian"]
[Site "Donostia-San Sebastian"]
[Date "2012.04.01"]
[Round "3"]
[Board "2"]
[White "Vazquez Igarza, Renier"]
[Black "Bellia, Fabrizio"]
[Result "1-0"]
[WhiteElo "2566"]
[BlackElo "2436"]
[PlyCount "0"]
[EventDate "2012.03.31"]
[EventRounds "9"]
[EventCountry "ESP"]

1. Nf3 d5 2. d4 Nf6 3. c4 e6 4. Nc3 Be7 5. Bg5 h6 6. Bxf6 Bxf6 7. e3 O-O 8. Rc1
c6 9. Bd3 dxc4 10. Bxc4 Nd7 11. O-O e5 12. Ne4 exd4 13. Nxd4 Nb6 14. Nxf6+ Qxf6
15. Bb3 Bd7 16. Qd2 Rad8 17. Qb4 Rfe8 18. a4 Bc8 19. Qa5 Nd5 20. Bxd5 Rxd5 21.
Qxa7 Qg5 22. Qb8 Red8 23. Qg3 Qe7 24. Qf4 Qb4 25. b3 c5 26. Nb5 Qxb3 27. h3 b6
28. Qc7 Ba6 29. Qxb6 Bxb5 30. axb5 c4 31. Rb1 Qa2 32. Qc7 R5d7 33. Qc5 Rd2 34.
e4 c3 35. Ra1 Qb3 36. Ra3 Qb2 37. Rxc3 Rd1 38. Rxd1 Rxd1+ 39. Kh2 g6 40. Rf3
Qa1 41. Qe7 Rh1+ 42. Kg3 Qa2 43. Qe8+ Kg7 44. Qe5+ Kg8 45. Rd3 Rd1 46. Rxd1 1-0

[Event "35 Open Internacional Ciudad de San Sebastian"]
[Site "Donostia-San Sebastian"]
[Date "2012.04.01"]
[Round "3"]
[Board "3"]
[White "Satyapragyan, Swayangsu"]
[Black "Romanishin, Oleg M"]
[Result "1-0"]
[WhiteElo "2432"]
[BlackElo "2541"]
[PlyCount "0"]
[EventDate "2012.03.31"]
[EventRounds "9"]
[EventCountry "ESP"]

1. e4 e5 2. Nf3 Nc6 3. Bb5 a6 4. Ba4 Nf6 5. O-O Be7 6. d3 b5 7. Bb3 d6 8. a4
Bd7 9. c3 O-O 10. Nbd2 Na5 11. Bc2 c5 12. Re1 h6 13. Nf1 b4 14. cxb4 cxb4 15.
d4 Qc7 16. Ne3 Rfc8 17. h3 Be6 18. d5 Bd7 19. Bd2 Qb7 20. Bd3 Bd8 21. b3 Nh5
22. Rb1 Nf4 23. Bf1 Ng6 24. Nc2 Nxb3 25. Rxb3 a5 26. Bb5 Bxb5 27. axb5 Qxb5 28.
Ne3 Bb6 29. Nf5 Bc5 30. N3h4 Nxh4 31. Nxh4 Ra7 32. Qg4 Bxf2+ 33. Kxf2 Rc2 34.
Re2 1-0

[Event "35 Open Internacional Ciudad de San Sebastian"]
[Site "Donostia-San Sebastian"]
[Date "2012.04.01"]
[Round "3"]
[Board "5"]
[White "Bakre, Tejas"]
[Black "Thomassen, Joachim"]
[Result "0-1"]
[WhiteElo "2513"]
[BlackElo "2400"]
[PlyCount "0"]
[EventDate "2012.03.31"]
[EventRounds "9"]
[EventCountry "ESP"]

1. c4 g6 2. g3 Bg7 3. Bg2 e5 4. Nc3 Nc6 5. d3 d6 6. e4 f5 7. Nge2 Nf6 8. O-O
O-O 9. Nd5 f4 10. gxf4 Nh5 11. Be3 Nd4 12. f5 Nxe2+ 13. Qxe2 c6 14. Nc3 Qh4 15.
fxg6 Nf4 16. Bxf4 Rxf4 17. f3 hxg6 18. Qe1 Qf6 19. Ne2 Rh4 20. Rd1 Bh6 21. Ng3
Bf4 22. Bh1 Qg5 23. Rf2 Be3 24. Kf1 Bh3+ 25. Bg2 Bxf2 26. Qxf2 Rf8 27. Bxh3
Rxh3 28. Kg2 Qh6 29. Rh1 c5 30. Kf1 Qc1+ 31. Kg2 Qh6 32. Kf1 Rf4 33. Kg2 Rfh4
34. Kg1 Qf4 35. Kg2 Rh7 36. a3 g5 37. Qe1 Qh4 38. Qg1 Qf4 39. Qe1 b6 40. b3 Kf7
41. b4 Ke6 42. b5 Rh8 43. a4 R8h7 44. a5 Rh8 45. a6 R8h7 46. Qd1 Qe3 47. Nf5
Qf4 48. Ng3 Kd7 49. Qe1 Qh4 50. Qg1 Kc7 51. Kf2 Qf4 52. Ke2 Qxg3 53. hxg3 Rxh1
54. Qxh1 Rxh1 55. g4 Rh2+ 0-1

[Event "35 Open Internacional Ciudad de San Sebastian"]
[Site "Donostia-San Sebastian"]
[Date "2012.04.01"]
[Round "3"]
[Board "7"]
[White "Lopez Martinez, Josep Manuel"]
[Black "Argandona Riveiro, Inigo"]
[Result "0-1"]
[WhiteElo "2508"]
[BlackElo "2388"]
[PlyCount "0"]
[EventDate "2012.03.31"]
[EventRounds "9"]
[EventCountry "ESP"]

1. e4 e5 2. Nf3 d6 3. d4 exd4 4. Qxd4 Nc6 5. Bb5 Nge7 6. O-O a6 7. Bxc6+ Nxc6
8. Qc3 Qf6 9. Qxf6 gxf6 10. Nc3 Ne7 11. Be3 Rg8 12. Bd4 Bg4 13. Nh4 Bg7 14.
Rfe1 O-O-O 15. f3 Be6 16. Rad1 Ng6 17. Bf2 Nxh4 18. Bxh4 Rde8 19. Nd5 Bxd5 20.
Rxd5 Re5 21. c4 Rge8 22. b3 f5 23. Rxe5 Rxe5 24. exf5 Rxf5 25. Re7 b5 26. Kf1
Kb7 27. cxb5 axb5 28. Ke2 Re5+ 29. Rxe5 Bxe5 30. h3 c5 31. Bg5 c4 32. f4 Bg7
33. f5 Be5 34. g4 d5 35. Be7 Kc6 36. Ke3 d4+ 37. Ke4 d3 38. Bb4 Bb2 39. bxc4
bxc4 40. a4 Bf6 41. Be1 Bg5 42. Kd4 d2 43. Bxd2 Bxd2 44. Kxc4 Be1 45. Kd4 Kd6
46. Ke4 h6 47. Kd4 Ba5 48. Ke4 Bd8 49. Kd4 Bb6+ 50. Ke4 f6 51. h4 Bf2 52. g5
hxg5 53. hxg5 fxg5 54. f6 Ke6 55. f7 Kxf7 56. Kf5 Be3 57. a5 Kg7 58. Ke4 Ba7
59. Kf5 Kh6 60. Kg4 Kg6 61. a6 Bb6 62. Kf3 Kh5 63. Kg3 g4 64. Kg2 Kh4 65. Kh2
g3+ 66. Kg2 Kg4 0-1

[Event "35 Open Internacional Ciudad de San Sebastian"]
[Site "Donostia-San Sebastian"]
[Date "2012.04.01"]
[Round "3"]
[Board "8"]
[White "Andres Gonzalez, Ivan"]
[Black "Pap, Misa"]
[Result "1/2-1/2"]
[WhiteElo "2312"]
[BlackElo "2501"]
[PlyCount "0"]
[EventDate "2012.03.31"]
[EventRounds "9"]
[EventCountry "ESP"]

1. d4 Nf6 2. Nf3 c5 3. c4 cxd4 4. Nxd4 b6 5. Nc3 Bb7 6. f3 d6 7. e4 e6 8. Be2
Be7 9. O-O O-O 10. Be3 a6 11. Rc1 Nbd7 12. Qd2 Re8 13. Rfd1 Rc8 14. Bf1 Qc7 15.
Qf2 Qb8 16. Kh1 Bd8 17. a3 Ne5 18. Na4 Ba8 19. b4 Ned7 20. Nc3 Bc7 21. Qg1 Bb7
22. Bf2 h6 23. Na4 Rcd8 24. Rb1 Qa8 25. Nb3 Rb8 26. Nc3 Bc6 27. Nd4 Bb7 28. Nb3
Kh7 29. Rbc1 Bc8 30. Nd4 Ne5 31. Be2 Ng6 32. Bf1 Bd7 33. Nb3 Red8 34. Rb1 Bc6
35. a4 Kg8 36. b5 Be8 37. a5 Nd7 38. axb6 Nxb6 39. Ra1 Qb7 40. Rxa6 Nd7 41.
Rda1 Nge5 42. Ra7 Qc8 43. R1a6 Rb7 44. Na4 Rxa7 45. Rxa7 Bb8 46. Ra6 Qb7 47.
Na5 Qc7 48. f4 Ng6 49. Be3 Kh7 50. Qf2 Qc8 51. Rc6 Bc7 52. b6 Nxb6 53. Nxb6 Qb8
54. Rxc7 Qxc7 55. Nb3 Rb8 56. Nd2 Qa7 57. h4 Qa3 58. c5 dxc5 59. Bxc5 Qc1 60.
h5 Nh8 61. e5 Bb5 62. Kh2 Bxf1 63. Nxf1 Rd8 64. Bd6 f5 65. Ne3 Nf7 66. Nec4 Qd1
67. Qh4 Qe2 68. Qh3 Rg8 69. Qf3 Qc2 70. Ne3 Qd3 71. Nec4 Qd4 72. Qe3 Qd1 73.
Qh3 Qd4 74. Qg3 g5 75. Qe3 Qd1 76. Qf3 Qd4 77. Qe3 Qxe3 78. Nxe3 gxf4 79. Nc2
Rg5 80. Nd7 Rxh5+ 81. Kg1 Kg7 82. Nd4 Ng5 83. Be7 Kf7 84. Bf6 Rh4 85. Nc5 f3
86. Nxf3 Nxf3+ 87. gxf3 Rb4 88. Kf2 Rb5 89. Nd3 Ra5 90. Nf4 Ra4 91. Ne2 Rb4 92.
Ke3 Rb3+ 93. Kf4 Rb4+ 94. Kg3 Ra4 95. Nc3 Rb4 96. Kf2 Rb2+ 97. Ke3 Rb3 98. Kd2
Rb4 99. Ke3 1/2-1/2

[Event "35 Open Internacional Ciudad de San Sebastian"]
[Site "Donostia-San Sebastian"]
[Date "2012.04.01"]
[Round "3"]
[Board "9"]
[White "Tratar, Marko"]
[Black "Velten, Paul"]
[Result "1/2-1/2"]
[WhiteElo "2499"]
[BlackElo "2310"]
[PlyCount "0"]
[EventDate "2012.03.31"]
[EventRounds "9"]
[EventCountry "ESP"]

1. c4 e5 2. g3 Nf6 3. Bg2 Nc6 4. Nc3 Bc5 5. Nf3 d6 6. O-O O-O 7. d3 h6 8. e3
Bg4 9. h3 Bf5 10. Na4 Qd7 11. Kh2 a6 12. e4 Bh7 13. Nxc5 dxc5 14. Qb3 Rfd8 15.
Ne1 Rab8 16. Be3 Nd4 17. Qc3 Qe7 18. Rd1 b5 19. Rd2 Rb6 20. b3 b4 21. Qb2 a5
22. Nc2 Nh5 23. Rdd1 g5 24. Nxd4 cxd4 25. Bc1 a4 26. Qe2 Bg6 27. Rde1 Ra8 28.
Bf3 Ng7 29. h4 gxh4 30. Bxh6 Bh5 31. Bc1 Bxf3 32. Qxf3 Rg6 33. g4 Ne6 34. Qe2
axb3 35. axb3 Qf6 36. g5 Nxg5 37. f4 exf4 38. Rxf4 Qe5 39. Kh1 Ra1 40. Rg4 Nh3
41. Rf1 Qe6 42. Rxg6+ fxg6 43. Qf3 Kh7 44. Qf8 Ng5 45. Bxg5 Qh3+ 46. Kg1 Qg3+
47. Kh1 Qh3+ 48. Kg1 Qg3+ 49. Kh1 Qh3+ 1/2-1/2

[Event "35 Open Internacional Ciudad de San Sebastian"]
[Site "Donostia-San Sebastian"]
[Date "2012.04.01"]
[Round "3"]
[Board "10"]
[White "Piasetski, Leon"]
[Black "Elsness, Frode"]
[Result "1-0"]
[WhiteElo "2287"]
[BlackElo "2499"]
[PlyCount "0"]
[EventDate "2012.03.31"]
[EventRounds "9"]
[EventCountry "ESP"]

1. c4 e5 2. g3 Nf6 3. Bg2 d5 4. cxd5 Nxd5 5. Nc3 Nb6 6. Nf3 Nc6 7. O-O Be7 8.
b3 O-O 9. Bb2 Bg4 10. d3 f5 11. b4 Bf6 12. b5 Nd4 13. Nxd4 exd4 14. Na4 Re8 15.
Re1 Rb8 16. Qb3+ Kh8 17. Nc5 c6 18. bxc6 bxc6 19. Na6 Rc8 20. Rac1 Nd5 21. Bxd5
cxd5 22. f3 Bh5 23. Qb7 Rxc1 24. Rxc1 Qa5 25. Nb4 h6 26. Rc8 Rxc8 27. Qxc8+ Kh7
28. a3 Bg6 29. Qd7 Qc5 30. Nxd5 Be5 31. f4 Qd6 32. Qxd6 Bxd6 33. Bxd4 Bxa3 34.
Bxa7 Bf7 35. Ne3 Be6 36. Nc4 Bb4 37. Kf2 Kg8 38. Ke3 Bc3 39. Bd4 Bb4 40. Ne5
Bd6 41. Nf3 Kf7 42. Kf2 Bd5 43. Bc3 Bc5+ 44. e3 Bb7 45. Ke2 Ba6 46. Kd2 Bb7 47.
Nh4 g6 48. Ke2 Ba6 49. Nf3 Bd6 50. Nd2 Bc7 51. Nc4 Kg8 52. Be5 Bd8 53. Kd2 Be7
54. Kc3 Bb7 55. Bd4 Bg2 56. Nd2 Bd8 57. Kc4 Kf7 58. Nb3 Bf1 59. Nc5 Be7 60. Nd7
g5 61. Kd5 gxf4 62. gxf4 Bh4 63. Ne5+ Kg8 64. Ke6 Bh3 65. Ng6 Bd8 66. Ne7+ Bxe7
67. Kxe7 Bf1 68. e4 Bxd3 69. e5 h5 70. h4 Be2 71. e6 Bc4 72. Kf6 Bd3 73. Bc5
Bc2 74. Kg6 Bd3 75. Kxh5 Bc4 76. e7 Kf7 77. Kg5 Be6 78. h5 Bd7 79. h6 Kg8 80.
Kg6 Be8+ 81. Kxf5 Bb5 82. Ke6 Be8 83. f5 Kh7 84. Be3 Kg8 85. f6 Kh8 86. f7 Kh7
87. Bd4 1-0

[Event "35 Open Internacional Ciudad de San Sebastian"]
[Site "Donostia-San Sebastian"]
[Date "2012.04.01"]
[Round "3"]
[Board "11"]
[White "Rausis, Igor"]
[Black "Thakur, Akash"]
[Result "1-0"]
[WhiteElo "2481"]
[BlackElo "2299"]
[PlyCount "0"]
[EventDate "2012.03.31"]
[EventRounds "9"]
[EventCountry "ESP"]

1. c4 Nf6 2. Nc3 e5 3. g3 Nc6 4. Bg2 Bb4 5. Nd5 Bc5 6. e3 O-O 7. Ne2 a5 8. O-O
d6 9. h3 Ba7 10. d3 Ne8 11. Kh2 Ne7 12. d4 c6 13. Ndc3 Qc7 14. b3 f5 15. Qd2
Be6 16. Ba3 Rd8 17. Rad1 Rd7 18. Qc1 Bf7 19. dxe5 dxe5 20. Rxd7 Qxd7 21. Rd1
Qc7 22. Qd2 Be6 23. Qd8 Kf7 24. Qxc7 Nxc7 25. Bd6 Na6 26. Bxe5 Ng6 27. Bd4 Bb8
28. Bb6 h5 29. Bxa5 h4 30. Nf4 Nxf4 31. gxf4 g5 32. Ne2 Rg8 33. Bc3 gxf4 34.
Nxf4 Bxf4+ 35. exf4 Nc5 36. Bf3 Ne4 37. Bd4 Rd8 38. Kg2 1-0

[Event "35 Open Internacional Ciudad de San Sebastian"]
[Site "Donostia-San Sebastian"]
[Date "2012.04.01"]
[Round "3"]
[Board "12"]
[White "Gonzalez Perez , Arian"]
[Black "Martin Alvarez, Inigo"]
[Result "1-0"]
[WhiteElo "2468"]
[BlackElo "2265"]
[PlyCount "0"]
[EventDate "2012.03.31"]
[EventRounds "9"]
[EventCountry "ESP"]

1. d4 d6 2. c4 e5 3. e3 g6 4. Nc3 Bg7 5. Nf3 Nd7 6. Be2 Ne7 7. O-O O-O 8. b4 a5
9. b5 f5 10. Ba3 e4 11. Nd2 Nf6 12. Qb3 Kh8 13. Rac1 g5 14. d5 b6 15. f3 exf3
16. Nxf3 Ng4 17. Nd1 Ng6 18. Bb2 N6e5 19. Nd4 f4 20. exf4 gxf4 21. Bxg4 Bxg4
22. Nf2 Bd7 23. Nd3 Qg5 24. Nxe5 dxe5 25. Nf3 Qh5 26. Rce1 Rae8 27. Re4 Bf5 28.
Rxe5 Bxe5 29. Nxe5 Kg8 30. Qc3 Be4 31. Nd3 Qg4 32. Nxf4 Rxf4 33. Qh8+ Kf7 34.
Rxf4+ Ke7 1-0

[Event "35 Open Internacional Ciudad de San Sebastian"]
[Site "Donostia-San Sebastian"]
[Date "2012.04.01"]
[Round "3"]
[Board "13"]
[White "De Wachter, Matthias"]
[Black "Urkedal, Frode"]
[Result "1/2-1/2"]
[WhiteElo "2269"]
[BlackElo "2460"]
[PlyCount "0"]
[EventDate "2012.03.31"]
[EventRounds "9"]
[EventCountry "ESP"]

1. c4 Nf6 2. g3 g6 3. Bg2 Bg7 4. Nc3 c5 5. e4 Nc6 6. Nge2 d6 7. O-O O-O 8. d3
a6 9. h3 Rb8 10. a4 Ne8 11. Be3 Nd4 12. Rb1 Bd7 13. b4 Nxe2+ 14. Nxe2 cxb4 15.
Rxb4 b5 16. Qb3 Nc7 17. Rb1 Qc8 18. Kh2 bxc4 19. Qxc4 Rxb4 20. Qxb4 Ne6 21. d4
Qc2 22. Nc3 a5 23. Qxa5 Bxd4 24. Bxd4 Nxd4 25. Rf1 Bxh3 26. Bxh3 Nc6 27. Qg5
Qxc3 28. Rc1 Qe5 29. Qxe5 Nxe5 30. a5 Ra8 31. f4 Rxa5 32. fxe5 Rxe5 33. Bg2 Kg7
34. g4 h5 35. gxh5 Rxh5+ 36. Kg3 Re5 37. Rd1 f5 38. Rd5 Rxd5 39. exd5 Kf6 40.
Bf1 e6 41. dxe6 Kxe6 42. Kf4 Kf6 43. Bd3 g5+ 44. Kf3 Ke5 45. Bc2 d5 46. Bd3 f4
47. Kg4 Kd4 48. Bb5 Ke3 49. Kxg5 d4 50. Kg4 f3 51. Kg3 f2 52. Kg2 d3 53. Bxd3
Kxd3 54. Kxf2 1/2-1/2

[Event "35 Open Internacional Ciudad de San Sebastian"]
[Site "Donostia-San Sebastian"]
[Date "2012.04.01"]
[Round "3"]
[Board "14"]
[White "Torres Ganuza, Fco  Javier"]
[Black "Libiszewski, Fabien"]
[Result "0-1"]
[WhiteElo "2105"]
[BlackElo "2523"]
[PlyCount "0"]
[EventDate "2012.03.31"]
[EventRounds "9"]
[EventCountry "ESP"]

1. d4 g6 2. c4 Nf6 3. Nc3 Bg7 4. e4 d6 5. f4 O-O 6. Nf3 c5 7. d5 e6 8. Be2 exd5
9. cxd5 Bg4 10. O-O Nbd7 11. Qc2 Ne8 12. h3 Bxf3 13. Bxf3 a6 14. a4 Rb8 15. a5
Nc7 16. Bd2 Re8 17. Kh2 b5 18. axb6 Rxb6 19. Rfe1 Nb5 20. Nxb5 Rxb5 21. Bc3
Bxc3 22. Qxc3 Qb6 23. Re2 Rb4 24. h4 Rb8 25. Ra2 Qd8 26. g3 Rb3 0-1

[Event "35 Open Internacional Ciudad de San Sebastian"]
[Site "Donostia-San Sebastian"]
[Date "2012.04.01"]
[Round "3"]
[Board "15"]
[White "Pogorelov, Ruslan"]
[Black "Sanz Rodero, Mikel"]
[Result "1-0"]
[WhiteElo "2426"]
[BlackElo "2045"]
[PlyCount "0"]
[EventDate "2012.03.31"]
[EventRounds "9"]
[EventCountry "ESP"]

1. Nf3 Nf6 2. c4 e6 3. Nc3 Bb4 4. Qc2 O-O 5. a3 Bxc3 6. Qxc3 b6 7. b4 Bb7 8.
Bb2 d6 9. e3 Nbd7 10. Be2 c5 11. O-O Qe7 12. d3 Rac8 13. a4 d5 14. bxc5 dxc4
15. cxb6 cxd3 16. Qxd3 Nc5 17. Ba3 axb6 18. Qb1 Qc7 19. a5 bxa5 20. Bxc5 Be4
21. Bb6 Qb7 22. Qb5 Rb8 23. Bxa5 Qxb5 24. Bxb5 Rxb5 25. Nd4 Rb2 26. f3 Bg6 27.
Bc3 Rb7 28. e4 h6 29. Ne2 Rc8 30. Bxf6 gxf6 31. Rfc1 Rxc1+ 32. Rxc1 Rb2 33. Nf4
h5 34. h4 Rb7 35. Kh2 e5 36. Nd5 Kg7 37. Ne3 Rb3 38. Re1 Ra3 39. Re2 Rb3 40.
Kg3 Ra3 41. Kf2 Ra4 42. Rb2 Bh7 43. Ke2 f5 44. exf5 Rxh4 45. Rb6 e4 46. fxe4
Rxe4 47. Kf3 Re5 48. Kf4 Ra5 49. Rd6 Ra3 50. g3 Rc3 51. Ra6 Bg8 52. Nd5 Rc4+
53. Ke5 Rg4 54. Nf6 Rb4 55. Nxh5+ Kh8 56. Ra8 Rb5+ 57. Kf4 Rb4+ 58. Kg5 f6+ 59.
Nxf6 Kg7 60. Rxg8+ Kf7 61. Ra8 Kg7 62. Ra7+ Kf8 63. Kg6 1-0

[Event "35 Open Internacional Ciudad de San Sebastian"]
[Site "Donostia-San Sebastian"]
[Date "2012.04.01"]
[Round "3"]
[Board "16"]
[White "Devereaux, Maxim L"]
[Black "Mangelschots, Peter"]
[Result "1-0"]
[WhiteElo "2373"]
[BlackElo "2046"]
[PlyCount "0"]
[EventDate "2012.03.31"]
[EventRounds "9"]
[EventCountry "ESP"]

1. Nf3 Nf6 2. g3 d5 3. Bg2 e6 4. c4 Be7 5. O-O O-O 6. d4 dxc4 7. Qa4 a6 8. Qxc4
b5 9. Qc2 Bb7 10. Bg5 Nbd7 11. Nbd2 h6 12. Bxf6 Bxf6 13. Nb3 Rc8 14. Rfd1 Bd5
15. e4 Bxb3 16. axb3 Nb8 17. e5 Be7 18. Ne1 c6 19. Qe4 Qb6 20. Nc2 c5 21. d5
exd5 22. Rxd5 c4 23. b4 Nc6 24. Qe1 Rfe8 25. Qc3 Bf8 26. Kf1 Rcd8 27. Rad1 Rxd5
28. Rxd5 Qc7 29. f4 Qc8 30. Qd2 Qf5 31. Kg1 Nb8 32. Qe2 Qc8 33. Qh5 c3 34. b3
Bxb4 35. Bh3 Bc5+ 36. Kf1 Qc6 37. e6 fxe6 38. Bg2 Bf8 39. Rd3 Qc8 40. Qg6 Nd7
41. g4 Nf6 42. g5 hxg5 43. fxg5 Qc7 44. gxf6 Qf4+ 45. Rf3 Qc1+ 46. Ne1 Qh6 47.
f7+ 1-0